[Event "Titled Tuesday intern op 09th Jan Early"]
[Site "Chess.com INT"]
[Date "2024.01.09"]
[Round "4"]
[White "Blahynka, Martin"]
[Black "Krstulovic, Alex"]
[Result "1-0"]
[WhiteElo "2383"]
[BlackElo "2414"]
[PlyCount "45"]
[EventDate "2024.01.09"]
[EventType "swiss (blitz)"]
[EventRounds "11"]
[EventCountry "USA"]
[SourceTitle "CB03_2024"]
[SourceDate "2024.01.17"]
[SourceVersion "1"]
[SourceVersionDate "2024.01.17"]
[SourceQuality "1"]

1. c4 e5 2. Nc3 Nc6 3. Nf3 Nf6 4. g3 Bb4 5. Bg2 0-0 6. 0-0 Bxc3 7. bxc3 e4 8. Nd4 Ne5 9. d3 Re8 10. f4 Ng6 11. Qc2 d5 12. cxd5 Qxd5 13. dxe4 Nxe4 14. f5 Nf8 15. Rf4 Qc5 16. Bxe4 Nd7 17. f6 Nxf6 18. Rxf6 gxf6 19. Bxh7+ Kg7 20. Rb1 Rh8 21. Rb5 Qe7 22. Rh5 c6 23. Bh6# 1-0

[Event "Titled Tuesday intern op 09th Jan Early"]
[Site "Chess.com INT"]
[Date "2024.01.09"]
[Round "2"]
[White "De Lisle, Sarah"]
[Black "Blahynka, Martin"]
[Result "0-1"]
[WhiteElo "2090"]
[BlackElo "2383"]
[PlyCount "78"]
[EventDate "2024.01.09"]
[EventType "swiss (blitz)"]
[EventRounds "11"]
[EventCountry "USA"]
[SourceTitle "CB03_2024"]
[SourceDate "2024.01.17"]
[SourceVersion "1"]
[SourceVersionDate "2024.01.17"]
[SourceQuality "1"]

1. e4 g6 2. d4 Bg7 3. Nf3 d6 4. Nc3 a6 5. Be2 b5 6. a3 Bb7 7. Bf4 Nf6 8. e5 Nd5 9. Nxd5 Bxd5 10. 0-0 0-0 11. b3 Nd7 12. c4 bxc4 13. bxc4 dxe5 14. Nxe5 Nxe5 15. cxd5 Nd7 16. Bf3 Ra7 17. Qc2 Nb6 18. Qc5 Qd7 19. Rfe1 Bf6 20. Rac1 Rb7 21. Qc6 Qxc6 22. dxc6 Ra7 23. Be5 Kg7 24. d5 Rd8 25. Bxf6+ Kxf6 26. Red1 Rd6 27. Rc5 a5 28. Kf1 Ra8 29. Ke2 a4 30. Kd3 Rad8 31. Kc3 e6 32. Kb4 exd5 33. Rc2 Nc4 34. Rd3 Rb8+ 35. Kc3 Rb3+ 36. Kd4 Rxd3+ 37. Kxd3 Nxa3 38. Rc5 Nc4 39. Kc3 Ne5 0-1

[Event "Titled Tuesday intern op 26th Sep Early"]
[Site "Chess.com INT"]
[Date "2023.09.26"]
[Round "4"]
[White "Ambartsumova, Karina"]
[Black "Blahynka, Martin"]
[Result "1-0"]
[WhiteElo "2418"]
[BlackElo "2378"]
[PlyCount "71"]
[EventDate "2023.09.26"]
[EventType "swiss (blitz)"]
[EventRounds "11"]
[EventCountry "USA"]
[SourceTitle "EXT 2024"]
[Source "ChessBase"]
[SourceDate "2023.10.10"]
[SourceVersion "1"]
[SourceVersionDate "2023.10.10"]
[SourceQuality "1"]

1. d4 Nf6 2. c4 e6 3. Nc3 Bb4 4. Qc2 d5 5. a3 Bxc3+ 6. Qxc3 dxc4 7. e3 b5 8. Nf3 Bb7 9. Be2 0-0 10. 0-0 Nbd7 11. a4 a6 12. Rd1 Be4 13. Nd2 Nd5 14. Qa5 Bc2 15. Re1 N7b6 16. Bf3 Bxa4 17. Ne4 c3 18. Rxa4 Nxa4 19. bxc3 Ndb6 20. Qb4 Nc4 21. Nc5 Nxc5 22. Qxc5 Rb8 23. e4 Qd6 24. Qh5 e5 25. Rd1 Rfd8 26. Bg5 f6 27. Bc1 exd4 28. cxd4 a5 29. Bg4 a4 30. Bf5 h6 31. Bxh6 gxh6 32. Qg6+ Kf8 33. Qxh6+ Ke8 34. Qh8+ Ke7 35. Qg7+ Ke8 36. Bg6# 1-0

[Event "Titled Tuesday intern op 26th Sep Early"]
[Site "Chess.com INT"]
[Date "2023.09.26"]
[Round "6"]
[White "Blahynka, Martin"]
[Black "Lehtosaari, Mauri"]
[Result "1-0"]
[WhiteElo "2378"]
[BlackElo "2151"]
[PlyCount "77"]
[EventDate "2023.09.26"]
[EventType "swiss (blitz)"]
[EventRounds "11"]
[EventCountry "USA"]
[SourceTitle "EXT 2024"]
[Source "ChessBase"]
[SourceDate "2023.10.10"]
[SourceVersion "1"]
[SourceVersionDate "2023.10.10"]
[SourceQuality "1"]

1. c4 c6 2. d4 d5 3. Nc3 Nf6 4. Nf3 dxc4 5. a4 Bf5 6. Nh4 Bd7 7. e4 b5 8. Be2 b4 9. Nb1 Nxe4 10. Bxc4 e6 11. Nf3 Bd6 12. 0-0 0-0 13. Re1 Nf6 14. Bg5 Be7 15. Nbd2 c5 16. dxc5 Bxc5 17. Ne5 Bc6 18. Nxc6 Nxc6 19. Nb3 Be7 20. Bb5 Na5 21. Nd4 Qd5 22. Nf3 Rad8 23. Qe2 Qf5 24. Rad1 h6 25. Bh4 Nb3 26. h3 a5 27. Rd3 Nc5 28. Re3 Nb7 29. Re5 Qg6 30. Bd3 Qxd3 31. Rb5 Qxe2 32. Rxe2 Nd6 33. Rxa5 Nc4 34. Ra6 Rd1+ 35. Kh2 Bd6+ 36. g3 Bc5 37. Kg2 Nd5 38. Rc6 Bxf2 39. Rxc4 1-0

[Event "Titled Tuesday intern op 26th Sep Early"]
[Site "Chess.com INT"]
[Date "2023.09.26"]
[Round "9"]
[White "Blahynka, Martin"]
[Black "Souleidis, Georgios"]
[Result "1-0"]
[WhiteElo "2378"]
[BlackElo "2419"]
[PlyCount "47"]
[EventDate "2023.09.26"]
[EventType "swiss (blitz)"]
[EventRounds "11"]
[EventCountry "USA"]
[SourceTitle "EXT 2024"]
[Source "ChessBase"]
[SourceDate "2023.10.10"]
[SourceVersion "1"]
[SourceVersionDate "2023.10.10"]
[SourceQuality "1"]

1. c4 e5 2. Nc3 Nf6 3. Nf3 e4 4. Ng5 c6 5. Ngxe4 Nxe4 6. Nxe4 d5 7. cxd5 cxd5 8. Ng3 h5 9. e3 h4 10. Ne2 Nc6 11. d4 Qf6 12. Bd2 Bf5 13. Nf4 Bd6 14. Nxd5 Qg6 15. f3 Bxh2 16. Rxh2 Qg3+ 17. Ke2 Qxh2 18. e4 0-0-0 19. Bf4 Qg1 20. Be3 Qh2 21. Bf4 Qh1 22. Rc1 Bd7 23. Qa4 g5 24. Nb6+ 1-0

[Event "Titled Tuesday intern op 19th Sep Early"]
[Site "Chess.com INT"]
[Date "2023.09.19"]
[Round "4"]
[White "Blahynka, Martin"]
[Black "Mirzoev, Azer"]
[Result "1-0"]
[WhiteElo "2378"]
[BlackElo "2418"]
[PlyCount "89"]
[EventDate "2023.09.19"]
[EventType "swiss (blitz)"]
[EventRounds "11"]
[EventCountry "USA"]
[SourceTitle "EXT 2024"]
[Source "ChessBase"]
[SourceDate "2023.10.10"]
[SourceVersion "1"]
[SourceVersionDate "2023.10.10"]
[SourceQuality "1"]

1. c4 e5 2. Nc3 Nc6 3. Nf3 Bb4 4. g3 Bxc3 5. dxc3 d6 6. Bg2 Nge7 7. 0-0 Be6 8. b3 h6 9. e4 Qd7 10. Re1 Bh3 11. a4 Bxg2 12. Kxg2 0-0-0 13. a5 f5 14. b4 fxe4 15. Rxe4 Qf5 16. Qe2 Ng6 17. b5 Nce7 18. b6 cxb6 19. axb6 a6 20. c5 d5 21. Rxe5 Nxe5 22. Nxe5 Rhe8 23. Rxa6 Nc6 24. Ra8+ Nb8 25. Bf4 g5 26. Qa2 Rxe5 27. Rxb8+ Kxb8 28. Qa7+ Kc8 29. Qa8+ Kd7 30. Qxb7+ Ke8 31. Qc6+ Kf7 32. Qc7+ Re7 33. Qxd8 gxf4 34. h4 fxg3 35. Kxg3 Qe5+ 36. Kg2 Qg7+ 37. Kf1 Qxc3 38. Qxd5+ Kg7 39. c6 Qe1+ 40. Kg2 Qb1 41. b7 Qg6+ 42. Kf1 Qb1+ 43. Kg2 Re1 44. c7 Rg1+ 45. Kf3 1-0

[Event "CZE-chT 2223"]
[Site "Czech Republic"]
[Date "2023.03.25"]
[Round "10.6"]
[White "Hurdzan, Tomas"]
[Black "Blahynka, Martin"]
[Result "0-1"]
[WhiteElo "2321"]
[BlackElo "2369"]
[PlyCount "70"]
[EventDate "2022.10.15"]
[EventType "team-tourn"]
[EventRounds "11"]
[EventCountry "CZE"]
[SourceTitle "CBM 213 Extra"]
[Source "ChessBase"]
[SourceDate "2023.05.31"]
[SourceVersion "1"]
[SourceVersionDate "2023.05.31"]
[SourceQuality "1"]
[WhiteTeam "Ingem Line"]
[BlackTeam "Hostalkova"]
[WhiteTeamCountry "CZE"]
[BlackTeamCountry "CZE"]

1. e4 c5 2. Nf3 d6 3. d4 cxd4 4. Nxd4 Nf6 5. Nc3 a6 6. Be2 e5 7. Nb3 Be7 8. 0-0 0-0 9. Be3 Be6 10. Qd2 Nbd7 11. a4 b6 12. Rfd1 Re8 13. Qe1 Qc8 14. h3 Qb7 15. Bf3 h6 16. Kh2 Rec8 17. Qe2 Bc4 18. Qe1 Qb8 19. Kg1 Qb7 20. Kh2 Be6 21. Qe2 Qc6 22. Kg1 Rab8 23. Rd2 Nc5 24. Nxc5 bxc5 25. Nd5 Bd8 26. b3 c4 27. bxc4 Nd7 28. c5 Nxc5 29. Bxc5 dxc5 30. Qc4 Bg5 31. Rdd1 Rb2 32. Qc3 Qb7 33. Be2 c4 34. a5 Rb5 35. Qxe5 Bxd5 0-1

[Event "Antwerp World Uni op"]
[Site "Antwerp"]
[Date "2022.09.12"]
[Round "2"]
[White "Blahynka, Martin"]
[Black "Karas, Marek"]
[Result "1-0"]
[WhiteElo "2378"]
[BlackElo "2233"]
[PlyCount "83"]
[EventDate "2022.09.12"]
[EventType "swiss"]
[EventRounds "9"]
[EventCountry "BEL"]
[SourceTitle "EXT 2023"]
[Source "ChessBase"]
[SourceDate "2022.10.05"]
[SourceVersion "1"]
[SourceVersionDate "2022.10.05"]
[SourceQuality "1"]

1. c4 e5 2. Nc3 Nf6 3. Nf3 Nc6 4. g3 Bb4 5. Bg2 Bxc3 6. bxc3 0-0 7. 0-0 Re8 8. d3 b6 9. Nh4 e4 10. Bg5 h6 11. Bxf6 Qxf6 12. Bxe4 Qxc3 13. Qa4 Bb7 14. Nf5 Re5 15. Ne3 Ra5 16. Qd1 Qb2 17. a4 Re8 18. Re1 Qe5 19. Nd5 Nd8 20. e3 Bxd5 21. Bxd5 c6 22. d4 Qf6 23. Bg2 Ne6 24. h4 c5 25. d5 Nf8 26. Qc2 d6 27. Bh3 Re7 28. e4 Nd7 29. f4 g5 30. hxg5 hxg5 31. e5 dxe5 32. Bxd7 Rxd7 33. fxe5 Qf3 34. Qf2 Qxf2+ 35. Kxf2 Kg7 36. Kf3 a6 37. Ke4 Kf8 38. d6 Ra7 39. Kd5 b5 40. Kxc5 Rxa4 41. Rxa4 bxa4 42. Kb6 1-0

[Event "CZE-chT 2122"]
[Site "Czech Republic"]
[Date "2022.02.12"]
[Round "9.3"]
[White "Blahynka, Martin"]
[Black "Hracek, Zbynek"]
[Result "0-1"]
[WhiteElo "2399"]
[BlackElo "2566"]
[PlyCount "102"]
[EventDate "2021.10.15"]
[EventType "team-tourn"]
[EventRounds "15"]
[EventCountry "CZE"]
[SourceTitle "EXT 2023"]
[Source "ChessBase"]
[SourceDate "2022.10.05"]
[SourceVersion "1"]
[SourceVersionDate "2022.10.05"]
[SourceQuality "1"]
[WhiteTeam "Brno Duras"]
[BlackTeam "Pardubice"]
[WhiteTeamCountry "CZE"]
[BlackTeamCountry "CZE"]

1. c4 e5 2. Nc3 Nf6 3. Nf3 Nc6 4. g3 Bb4 5. Bg2 0-0 6. 0-0 d6 7. d3 h6 8. Bd2 a5 9. a3 Bxc3 10. Bxc3 a4 11. b4 axb3 12. Qxb3 Ra7 13. Nd2 Bd7 14. Qb2 Qe7 15. h3 Rfa8 16. Kh2 Nd4 17. f4 Bc6 18. fxe5 dxe5 19. Bxd4 exd4 20. Bxc6 bxc6 21. Qxd4 Rxa3 22. Rxa3 Rxa3 23. Rf2 Ra2 24. e4 Nd7 25. Nf3 Ra3 26. Rd2 Nc5 27. Qe3 Ne6 28. Kg2 Qb4 29. Qf2 Qe7 30. d4 c5 31. d5 Ng5 32. Nxg5 hxg5 33. Re2 Qe5 34. Re3 Ra4 35. Qe2 Rb4 36. Qf1 g6 37. Kh2 Qd4 38. Re2 Qxc4 39. Qf3 Rb3 40. Qg4 Kg7 41. e5 Qxd5 42. e6 Rb1 43. Qe4 Qd1 44. Qg2 fxe6 45. Rxe6 c4 46. Re7+ Kh6 47. h4 c3 48. hxg5+ Kxg5 49. Re5+ Kf6 50. Qc6+ Kxe5 51. Qxc3+ Kd5 0-1

[Event "CZE-chT 2122"]
[Site "Czech Republic"]
[Date "2022.01.29"]
[Round "7.3"]
[White "Nagy, Gabor"]
[Black "Blahynka, Martin"]
[Result "1/2-1/2"]
[WhiteElo "2535"]
[BlackElo "2399"]
[PlyCount "59"]
[EventDate "2021.10.15"]
[EventType "team-tourn"]
[EventRounds "15"]
[EventCountry "CZE"]
[SourceTitle "EXT 2023"]
[Source "ChessBase"]
[SourceDate "2022.10.05"]
[SourceVersion "1"]
[SourceVersionDate "2022.10.05"]
[SourceQuality "1"]
[WhiteTeam "Ingem Line"]
[BlackTeam "Brno Duras"]
[WhiteTeamCountry "CZE"]
[BlackTeamCountry "CZE"]

1. c4 Nf6 2. Nf3 e6 3. Nc3 d5 4. d4 Bb4 5. e3 0-0 6. Bd2 c5 7. a3 Bxc3 8. Bxc3 cxd4 9. Nxd4 b6 10. Be2 Ba6 11. Bb4 Re8 12. cxd5 Bxe2 13. Qxe2 Nxd5 14. 0-0 Nd7 15. Rfd1 Qh4 16. Bd6 N7f6 17. Bg3 Qh5 18. Qxh5 Nxh5 19. e4 Ndf6 20. f3 Nxg3 21. hxg3 a6 22. Nc6 Kf8 23. Rac1 Rec8 24. b4 Ke8 25. a4 Rc7 26. b5 Nd7 27. Rd6 axb5 28. axb5 Ne5 29. Kh2 Rac8 30. f4 1/2-1/2

[Event "CZE-chT 1920"]
[Site "Czech Republic"]
[Date "2020.01.25"]
[Round "5.1"]
[White "Blahynka, Martin"]
[Black "Cyborowski, Lukasz"]
[Result "1/2-1/2"]
[WhiteElo "2423"]
[BlackElo "2501"]
[PlyCount "79"]
[EventDate "2019.10.12"]
[EventType "team-tourn"]
[EventRounds "11"]
[EventCountry "CZE"]
[SourceTitle "CBM 194 Extra"]
[Source "ChessBase"]
[SourceDate "2020.03.31"]
[SourceVersion "1"]
[SourceVersionDate "2020.03.31"]
[SourceQuality "1"]
[WhiteTeam "Brno Duras"]
[BlackTeam "Turnov Zikuda"]
[WhiteTeamCountry "CZE"]
[BlackTeamCountry "CZE"]

1. e4 c5 2. Nf3 e6 3. c4 Nc6 4. Nc3 Nf6 5. Be2 Qc7 6. 0-0 a6 7. d4 cxd4 8. Nxd4 Nxd4 9. Qxd4 Bc5 10. Qd3 0-0 11. a3 Be7 12. Rd1 b6 13. Be3 Bb7 14. f4 d6 15. Rac1 Rab8 16. Bd4 Nd7 17. b4 Rfd8 18. Nd5 exd5 19. cxd5 Nc5 20. Qg3 Bf8 21. bxc5 bxc5 22. Bf6 Re8 23. e5 Bc8 24. exd6 Qa5 25. Bg4 Qa4 26. Re1 Rxe1+ 27. Rxe1 Kh8 28. Bd1 Qd7 29. Be7 Bb7 30. Bxf8 Rxf8 31. Re7 Qb5 32. Bf3 c4 33. Qf2 Bxd5 34. Re5 Qb1+ 35. Qf1 Qb6+ 36. Qf2 Qb1+ 37. Re1 Qb5 38. Re5 Qb1+ 39. Re1 Qb5 40. Re5 1/2-1/2

[Event "CZE-chT 1920"]
[Site "Czech Republic"]
[Date "2019.11.30"]
[Round "3.1"]
[White "Anton Guijarro, David"]
[Black "Blahynka, Martin"]
[Result "1-0"]
[WhiteElo "2674"]
[BlackElo "2423"]
[PlyCount "79"]
[EventDate "2019.10.12"]
[EventType "team-tourn"]
[EventRounds "11"]
[EventCountry "CZE"]
[SourceTitle "CBM 193 Extra"]
[Source "ChessBase"]
[SourceDate "2020.01.31"]
[SourceVersion "1"]
[SourceVersionDate "2020.01.31"]
[SourceQuality "1"]
[WhiteTeam "Novy Bor"]
[BlackTeam "Brno Duras"]
[WhiteTeamCountry "CZE"]
[BlackTeamCountry "CZE"]

1. e4 e5 2. Nf3 Nc6 3. Bc4 Bc5 4. c3 Nf6 5. d3 0-0 6. 0-0 a6 7. Nbd2 Ba7 8. h3 d6 9. Bb3 Ne7 10. Re1 Ng6 11. Nf1 h6 12. Ng3 Be6 13. Bxe6 fxe6 14. d4 Qd7 15. Be3 Qf7 16. dxe5 Bxe3 17. Rxe3 Nxe5 18. Nxe5 dxe5 19. Qe2 Rad8 20. Nf1 Qd7 21. Nh2 Qd6 22. Nf3 Rf7 23. a4 Nh7 24. Rc1 Nf8 25. g3 Rfd7 26. Kg2 c6 27. a5 Ng6 28. Qc4 Nh8 29. b4 Nf7 30. h4 g6 31. h5 g5 32. Nh2 Kg7 33. Ng4 Rf8 34. Rf3 Qe7 35. Qc5 Qxc5 36. bxc5 Rd2 37. Rf6 Re8 38. Rg6+ Kh8 39. Rb1 Rb8 40. Rxe6 1-0

[Event "CZE-chT 1819"]
[Site "Czech Republic"]
[Date "2019.04.21"]
[Round "11.6"]
[White "Blahynka, Martin"]
[Black "Langner, Ladislav"]
[Result "1/2-1/2"]
[WhiteElo "2426"]
[BlackElo "2397"]
[PlyCount "118"]
[EventDate "2018.11.03"]
[EventType "team-tourn"]
[EventRounds "11"]
[EventCountry "CZE"]
[SourceTitle "CBM 190 Extra"]
[Source "ChessBase"]
[SourceDate "2019.07.15"]
[SourceVersion "1"]
[SourceVersionDate "2019.07.15"]
[SourceQuality "1"]
[WhiteTeam "Brno Duras"]
[BlackTeam "Cesky Tesin Slavoj"]
[WhiteTeamCountry "CZE"]
[BlackTeamCountry "CZE"]

1. e4 c5 2. Nf3 e6 3. d4 cxd4 4. Nxd4 Nf6 5. Bd3 Nc6 6. Be3 e5 7. Nxc6 dxc6 8. h3 Be6 9. Nd2 Nd7 10. Bc4 Qf6 11. Bxe6 Qxe6 12. Qg4 Qxg4 13. hxg4 Bc5 14. Nc4 Bxe3 15. Nxe3 Nc5 16. f3 Rd8 17. Rd1 Rxd1+ 18. Kxd1 f6 19. Kc1 Ne6 20. Rd1 h5 21. Rh1 h4 22. Nf5 g5 23. Kd2 Kf7 24. Ke3 Nf4 25. g3 Ng6 26. gxh4 Nxh4 27. Kf2 Rh7 28. a4 a5 29. b3 Ke8 30. Nxh4 gxh4 31. Kg2 Kd7 32. Rd1+ Kc7 33. Kh3 b5 34. c4 bxc4 35. bxc4 c5 36. Rb1 Rd7 37. Rb5 Rd3 38. Rxc5+ Kb6 39. Rb5+ Ka6 40. Kxh4 Rxf3 41. c5 Re3 42. Rb6+ Ka7 43. Rxf6 Rxe4 44. Re6 Kb7 45. Kh5 Rxa4 46. g5 Ra1 47. g6 a4 48. g7 a3 49. g8Q Rh1+ 50. Kg6 Rg1+ 51. Kf7 Rxg8 52. c6+ Kc7 53. Kxg8 a2 54. Re7+ Kxc6 55. Ra7 e4 56. Kf7 e3 57. Rxa2 Kd5 58. Kf6 Ke4 59. Kg5 Kf3 1/2-1/2

[Event "CZE-chT 1819"]
[Site "Czech Republic"]
[Date "2019.04.20"]
[Round "10.6"]
[White "Zwardon, Vojtech"]
[Black "Blahynka, Martin"]
[Result "1/2-1/2"]
[WhiteElo "2455"]
[BlackElo "2426"]
[PlyCount "155"]
[EventDate "2018.11.03"]
[EventType "team-tourn"]
[EventRounds "11"]
[EventCountry "CZE"]
[SourceTitle "CBM 190 Extra"]
[Source "ChessBase"]
[SourceDate "2019.07.15"]
[SourceVersion "1"]
[SourceVersionDate "2019.07.15"]
[SourceQuality "1"]
[WhiteTeam "Frydek Mistek"]
[BlackTeam "Brno Duras"]
[WhiteTeamCountry "CZE"]
[BlackTeamCountry "CZE"]

1. g3 Nf6 2. Bg2 d5 3. Nf3 c5 4. 0-0 Nc6 5. d4 e6 6. Bg5 h6 7. Bxf6 Qxf6 8. c4 cxd4 9. cxd5 exd5 10. Nbd2 g6 11. Qb3 Bg7 12. Qxd5 0-0 13. Ne4 Qe6 14. Qxe6 Bxe6 15. Ne1 Rfd8 16. Nd3 b6 17. Nf4 Bf5 18. Rac1 Rac8 19. a4 Nb4 20. Rxc8 Bxc8 21. Rc1 Ba6 22. Bf1 Be5 23. Nd3 Nxd3 24. exd3 g5 25. b4 Rc8 26. Re1 g4 27. h3 h5 28. hxg4 hxg4 29. Nd2 Bd6 30. b5 Bb7 31. Nc4 Bb4 32. Re5 Bf3 33. Bg2 Bd1 34. Rd5 Bxa4 35. Rxd4 Bxb5 36. Rxg4+ Kf8 37. Rh4 Rd8 38. Nxb6 Bc3 39. Nd5 Be5 40. d4 Bg7 41. Nc7 Bd3 42. Rf4 Rd6 43. d5 Ke7 44. Rf3 Bc4 45. Re3+ Kd7 46. Ne8 Rg6 47. Bh3+ Kd8 48. Nxg7 Rxg7 49. Rc3 Bb5 50. Rc8+ Ke7 51. Rb8 a6 52. Rb7+ Kd6 53. Be6 Be8 54. Ra7 a5 55. Kf1 a4 56. Ke2 a3 57. Ke3 a2 58. Ra6+ Kc5 59. Bf5 Kxd5 60. Be4+ Kc5 61. Rxa2 Kd6 62. Ra7 Bd7 63. Bc2 Be6 64. Ba4 Rg5 65. Be8 Re5+ 66. Kd4 Rd5+ 67. Kc3 Rc5+ 68. Kb2 f6 69. Bg6 Bf5 70. Ra6+ Ke7 71. Bxf5 Rxf5 72. f4 Rc5 73. Kb3 Rc1 74. g4 Rg1 75. Ra7+ Kf8 76. g5 fxg5 77. fxg5 Rxg5 78. Ra1 1/2-1/2

[Event "CZE-chT 1718"]
[Site "Czech Republic"]
[Date "2018.04.08"]
[Round "11.5"]
[White "Blahynka, Martin"]
[Black "Votava, Jan"]
[Result "1-0"]
[WhiteElo "2418"]
[BlackElo "2519"]
[PlyCount "87"]
[EventDate "2017.11.18"]
[EventType "team-tourn"]
[EventRounds "11"]
[EventCountry "CZE"]
[SourceTitle "EXT 2019"]
[Source "ChessBase"]
[SourceDate "2018.10.10"]
[SourceVersion "1"]
[SourceVersionDate "2018.10.10"]
[SourceQuality "1"]
[WhiteTeam "Brno Duras"]
[BlackTeam "Pardubice"]
[WhiteTeamCountry "CZE"]
[BlackTeamCountry "CZE"]

1. e4 e5 2. Nf3 Nc6 3. Bb5 a6 4. Bxc6 dxc6 5. 0-0 Bg4 6. h3 h5 7. d3 Qf6 8. Be3 Bxf3 9. Qxf3 Qxf3 10. gxf3 Bd6 11. Nd2 Ne7 12. Rfb1 a5 13. a4 c5 14. Nc4 Nc6 15. c3 f6 16. f4 exf4 17. Nxd6+ cxd6 18. Bxf4 0-0-0 19. Re1 Rhf8 20. Bg3 d5 21. Rad1 g5 22. f4 gxf4 23. Bxf4 d4 24. Kf2 Ne5 25. Ke2 Kd7 26. Rf1 Ke6 27. Bxe5 fxe5 28. Rxf8 Rxf8 29. Rg1 Rf4 30. Rg6+ Kd7 31. Rg5 dxc3 32. bxc3 Rh4 33. Rxe5 c4 34. dxc4 Rxh3 35. Kd2 b6 36. c5 Kc6 37. cxb6 Kxb6 38. Rb5+ Ka6 39. e5 Rh4 40. Kd3 Rh1 41. Rb2 h4 42. Re2 Kb6 43. e6 Rd1+ 44. Kc4 1-0

[Event "CZE-chT 1617"]
[Site "Czech Republic"]
[Date "2017.04.02"]
[Round "11.4"]
[White "Blahynka, Martin"]
[Black "Straka, Vojtech"]
[Result "1/2-1/2"]
[WhiteElo "2424"]
[BlackElo "2341"]
[PlyCount "132"]
[EventDate "2016.10.08"]
[EventType "team-tourn"]
[EventRounds "11"]
[EventCountry "CZE"]
[SourceTitle "CBM 177 Extra"]
[Source "ChessBase"]
[SourceDate "2017.04.27"]
[SourceVersion "1"]
[SourceVersionDate "2017.04.27"]
[SourceQuality "1"]
[WhiteTeam "Brno Duras"]
[BlackTeam "Tatran Litovel"]
[WhiteTeamCountry "CZE"]
[BlackTeamCountry "CZE"]

1. d4 Nf6 2. c4 c5 3. d5 e6 4. Nc3 exd5 5. cxd5 d6 6. e4 g6 7. Bd3 Bg7 8. h3 0-0 9. Nf3 Nh5 10. 0-0 Nd7 11. Bg5 Bf6 12. Bh6 Bg7 13. Bg5 Bf6 14. Be3 Re8 15. Qc2 a6 16. a4 Rb8 17. Be2 Qe7 18. Nd2 Ng7 19. Nc4 Ne5 20. Nd2 Nd7 21. Rad1 Bd4 22. Nc4 Bxe3 23. Nxe3 Nf6 24. Bf3 b5 25. Rfe1 Bd7 26. axb5 axb5 27. b3 Ra8 28. Kh2 Ra3 29. g3 Qe5 30. Bg2 g5 31. Nb1 Ra7 32. Nd2 g4 33. f4 gxf3 34. Nxf3 Qxe4 35. Qb2 Qg6 36. Nh4 Qg5 37. Nf3 Qh6 38. Nf1 Rea8 39. Ra1 Rxa1 40. Rxa1 Rxa1 41. Qxa1 Nge8 42. Qa8 Qh5 43. Nh4 Qe5 44. Qb7 Qc3 45. g4 Qe5+ 46. Kh1 Qf4 47. Nf3 h6 48. N3d2 b4 49. Nc4 h5 50. gxh5 Bf5 51. Qe7 Be4 52. Nce3 Ng7 53. h6 Ngh5 54. Qd8+ Kh7 55. Qf8 Bxg2+ 56. Kxg2 Ne4 57. Ng4 Ng5 58. Nf2 Ne4 59. Nxe4 Qxe4+ 60. Kf2 Qxd5 61. Ne3 Qd4 62. Qxf7+ Kxh6 63. Qf8+ Kh7 64. Qf5+ Kh6 65. Qf8+ Kh7 66. Qf5+ Kh6 1/2-1/2